000 01316nam a2200337 i 4500
003 EG-GICUC
005 20260121101226.0
008 251116b1971 ua ||||f |||| 00| 0 ara d
040 _a EG-GICUC
_c EG-GICUC
_d EG-GICUC
_erda
_bara
041 _aara
082 0 4 _221
_a345.250567
_bع ب . إ
092 0 4 _221
099 _aLaw1 07 345.250567 1971 ع ب . إ
100 0 _aعبد الرازق السيخلي
_eمؤلف.
245 _aالإدارة المحلية في العراق :
_bدراسة تطبيقية /
_cإعداد عبد الرازق السيخلي.
264 _aالقاهرة :
_bجامعة الدول العربية-المنظمة العربية للعلوم الإدارية، مركز البحوث الإدارية،
_c1971.
300 _a86 ؛ صفحة
_c24 سم.
336 _2rda content
_atext
337 _2rda media
_aComputer
338 _2rda carrier
_aOnline Resource
490 _v82
504 _aيشتمل على إرجاعات ببليوجرافية
546 _aالنص باللغة العربية
650 1 _2qrmak
_aالإدارة العامة
650 1 _2qrmak
_aالإدارة المحلية
651 1 _aالعراق
830 _0
856 4 0 _uhttps://fll.law.cu.edu.eg/fulltext/bks/B07-00034.pdf
905 _aWesam Mahmoud
942 _2ddc
_n0
_cBK
_e21
999 _c43498
_d43498